Educational psychology : (Record no. 20862)

MARC details
000 -LEADER
fixed length control field 01089pam a2200301 a 4500
001 - CONTROL NUMBER
control field 2629781
003 - CONTROL NUMBER IDENTIFIER
control field OSt
005 - DATE AND TIME OF LATEST TRANSACTION
control field 20211201092312.0
008 - FIXED-LENGTH DATA ELEMENTS--GENERAL INFORMATION
fixed length control field 990125s2000 maua b 001 0 eng
010 ## - LIBRARY OF CONGRESS CONTROL NUMBER
LC control number 99018631
020 ## - INTERNATIONAL STANDARD BOOK NUMBER
International Standard Book Number 0697375404 (pbk. : alk. paper)
035 ## - SYSTEM CONTROL NUMBER
System control number (DLC) 99018631
040 ## - CATALOGING SOURCE
Original cataloging agency DLC
Transcribing agency HU
Modifying agency DLC
050 00 - LIBRARY OF CONGRESS CALL NUMBER
Classification number LB1051
Item number .T6695 2000
082 00 - DEWEY DECIMAL CLASSIFICATION NUMBER
Classification number 370.15
Edition number 21
245 00 - TITLE STATEMENT
Title Educational psychology :
Remainder of title effective teaching, effective learning /
Statement of responsibility, etc. Stephen N. Elliott ... [et al.].
250 ## - EDITION STATEMENT
Edition statement 3rd ed.
260 ## - PUBLICATION, DISTRIBUTION, ETC.
Place of publication, distribution, etc. Boston :
Name of publisher, distributor, etc. McGraw-Hill,
Date of publication, distribution, etc. c2000.
300 ## - PHYSICAL DESCRIPTION
Extent xxiv, 631 p. :
Other physical details ill. (some col.) ;
Dimensions 26 cm.
504 ## - BIBLIOGRAPHY, ETC. NOTE
Bibliography, etc. note Includes bibliographical references (p. 605-617) and indexes.
650 #0 - SUBJECT ADDED ENTRY--TOPICAL TERM
Topical term or geographic name entry element Educational psychology.
9 (RLIN) 16486
650 #0 - SUBJECT ADDED ENTRY--TOPICAL TERM
Topical term or geographic name entry element Learning, Psychology of.
9 (RLIN) 11774
650 #0 - SUBJECT ADDED ENTRY--TOPICAL TERM
Topical term or geographic name entry element Effective teaching.
9 (RLIN) 16487
700 1# - ADDED ENTRY--PERSONAL NAME
Personal name Elliott, Stephen N.
9 (RLIN) 16488
906 ## - LOCAL DATA ELEMENT F, LDF (RLIN)
a 7
b cbc
c orignew
d 1
e ocip
f 19
g y-gencatlg
942 ## - ADDED ENTRY ELEMENTS (KOHA)
Source of classification or shelving scheme Dewey Decimal Classification
Koha item type Books like text book referance book
Suppress in OPAC No
Holdings
Withdrawn status Lost status Source of classification or shelving scheme Damaged status Not for loan Home library Current library Shelving location Date acquired Total Checkouts Full call number Barcode Date last seen Copy number Price effective from Koha item type
    Dewey Decimal Classification     Social Library Social Library General Stacks 12/01/2021   370.55/EDU SHLIB 00003320 12/01/2021 1 12/01/2021 Books like text book referance book
    Dewey Decimal Classification     Social Library Social Library General Stacks 12/01/2021   370.15/EDU SHLIB 00003321 12/01/2021 2 12/01/2021 Books like text book referance book
    Dewey Decimal Classification     Social Library Social Library General Stacks 12/01/2021   370.15/EDU SHLIB 00003323 12/01/2021 4 12/01/2021 Books like text book referance book
    Dewey Decimal Classification     Social Library Social Library General Stacks 12/01/2021   370.15/EDU SHLIB 00003324 12/01/2021 5 12/01/2021 Books like text book referance book